AH International Schools' Libraries

Maisy goes camping / (Record no. 40853)

MARC details
000 -LEADER
fixed length control field 00334nam a2200121 4500
020 ## - INTERNATIONAL STANDARD BOOK NUMBER
International Standard Book Number 978-0606066679
100 ## - MAIN ENTRY--PERSONAL NAME
Personal name Cousins, Lucy
9 (RLIN) 55447
245 ## - TITLE STATEMENT
Title Maisy goes camping /
Statement of responsibility, etc Lucy Cousins
260 ## - PUBLICATION, DISTRIBUTION, ETC. (IMPRINT)
Place of publication, distribution, etc London
Name of publisher, distributor, etc Walker Books
Date of publication, distribution, etc 2004
300 ## - PHYSICAL DESCRIPTION
Extent [26] p.
Other physical details col. ill.
Dimensions 21 cm
650 ## - SUBJECT ADDED ENTRY--TOPICAL TERM
Topical term or geographic name as entry element Animals
Form subdivision Juvenile Fiction
9 (RLIN) 75077
942 ## - ADDED ENTRY ELEMENTS (KOHA)
Source of classification or shelving scheme
Koha item type Book
Holdings
Withdrawn status Lost status Source of classification or shelving scheme Damaged status Not for loan Collection code Home library Current library Date acquired Total Checkouts Full call number Barcode Date last seen Date checked out Price effective from Koha item type
          Siem Reap Asian Hope Primary Library Asian Hope Primary Library 02/07/2020 39 E COU 197908 03/12/2026 02/26/2026 02/07/2020 Book
            Logos International School Logos International School 01/01/2025   E COU   02/24/2025     Book

For any Logos Library related questions please contact Miss Art at swongnarasuk@asianhope.org.

For any Asian Hope Library related questions please contact Miss Raza at graza@asianhope.org.

Powered by Koha